000 00974nam a22002177a 4500
003 NALT
005 20251211100836.0
008 s2556 th tha d
040 _aNALT
041 _atha
050 _aJQ 1745.A6
_bค123ข 2556
110 2 _aคณะกรรมการปฏิรูป (คปร.)
_931867
245 1 0 _aข้อเสนอการปฏิรูปโครงสร้างอำนาจ /
_cโดย คณะกรรมการปฏิรูป.
250 _aพิมพ์ครั้งที่ 6.
260 _aนนทบุรี :
_bสำนักงานปฏิรูป (สปร.),
_c2556.
300 _a62 หน้า :
_bแผนภูมิ, ตาราง ;
_c21 ซม.
650 4 _aการกระจายอำนาจปกครอง
_910831
_zไทย
650 4 _aการปฏิรูปการเมือง
_zไทย
_99510
850 _aNALT
942 _cGB
_2lcc
999 _c74469
_d74469
998 _j104
_k นางสาวสายฝน ดีงาม